1190 1077 1025 1061 1607 1786 1843 1317 1064 1772 1601 1173 1809 1422 1580 1387 1831 1418 1276 1078 1671 1056 1251 1599 1074 1217 1570 1130 1521 1871 1754 1871 1723 1440 1769 1883 1383 1953 1313 1951 1922 1062 1559 1870 1744 1180 1998 1081 1341 1721 1041 1549 1542 1059 1053 1242 1177 1466 1497 1816 1075 1738 1047 1795 1342 1498 1117 1808 1549 1514 1877 1577 1061 1790 1379 1799 1602 1529 1357 1038 1838 1081 1584 1615 1756 1735 1887 1686 1355 1507 1080 1190 1843 1332 1042 1899 1907 1836 1869 BCNSPRNW ULIB Ver.6.0+V

เปลี่ยนเป็นภาษาไทย

Change to English
 แสดงรายละเอียดบรรณานุกรม
  กลับหน้าหลัก

Brief Record : Get Marc (ISO 2709) : E-mail record : QR code < ปิดหน้าต่าง
LEADER : 00000nam 2200000uu 4500
001    13399108279
003     ULIB
008    110225s2552||||th 000 0 tha d
020    9740152317
060  4 WS113^bว618ค 2552
100 0  วินัดดา ปิยะศิลป์
245 00 คู่มือการเลี้ยงลูกตอน วัย 6-12 ปี/^cวินัดดา ปิยะศิลป์,บรรณาธิการ
250    พิมพ์ครั้งที่ 1
260    กรุงเทพฯ:^bสถาบันสุขภาพเด็กแห่งชาติมหาราชินี,^c2552
300    110 หน้า
650  7 การเลี้ยงลูก
650  7 พพัฒนาการ
710 2  กรมการแพทย์.^bสถาบันสุขภาพเด็กแห่งชาติมหาราชินี
945    ^p0^l0^i025271
945    ^p0^l0^i025272
945    ^p0^l0^i025273
995    ทศพร
999 ^a ใช้งานได้ทุกระบบ
รายการนี้ยังไม่มีแท็ก
คุณยังไม่ได้ล็อกอิน คุณสามารถมีกิจกรรมร่วมกับเว็บไซต์ได้ แต่ต้องล็อกอินก่อน ::
  ล็อกอิน

รายการสื่อสารสนเทศ

ลำดับที่ ประเภท เลขเรียก/บาร์โค้ด สถานที่ สถานะ
- ไม่พบข้อมูล -

รายการใกล้เคียง
    ผู้แต่ง [วินัดดา ปิยะศิลป์]

    หัวเรื่อง [การเลี้ยงลูก]
    หัวเรื่อง [พพัฒนาการ]

BibComment


ยังไม่เคยถูกคอมเมนท์

คอมเมนท์ทรัพยากรรายการนี้
  คอมเมนท์: คู่มือการเลี้ยงลู..


 Copyright 2026. Bcnsprnw @Library